000
00352nam a2200157Ia 4500
005
20250423095224.0
008
250422s9999 xx 000 0 und d
020
_a
81-259-0893-5
050
_a
QA 401 .E54/
245
0
_a
Engineering mathematics
260
_a
New Delhi
260
_b
Vikas
260
_c
2000
650
_a
Mathematics
942
_c
BK
999
_c
29615
_d
29615